000 00487nam a2200181Ia 4500
008 090123s9999 xx 000 0 und d
082 _b37631
_a891.463/कदम
100 _aकदम अनंत
245 _aविस्कट
250 _a1
260 _bअनघा प्रकाशन
_c2005
300 _a192
600 _aकदम अनंत
630 _aविस्कट
700 _aकदम अनंत
730 _aविस्कट
942 _cBOOK
999 _c75698
_d75698